000 00730nam a2200217Ia 4500
003 GCL
008 140319s9999 xx 000 0 ara d
040 _aGCL /
_cGCL
082 0 4 _a372.5
_bع و
100 1 _aعبدالعظيم عبدالسلام الفرجانى
245 1 0 _aوسائل تعليم التربية الفنية /
_cعبدالعظيم عبدالسلام الفرجانى
260 _a[S.N] :
_bدار المعارف ،
_c1995
300 _a164 ص
490 _a
650 0 4 _aالتربية
650 0 4 _aالوسائل التعليمية
650 0 4 _aالتربية الفنية
650 0 4 _aالتربية الفنية - طرق تدريس
650 0 4 _aالفن الابداعى
942 _2ddc
_cBK
999 _c27846
_d27846